LIBRARY & INFORMATION CENTRE, KCAET, TAVANUR

ONLINE PUBLIC ACCESS CATALOGUE (OPAC)

Theory of vibrations with applications (Record no. 13786)

MARC details
000 -LEADER
fixed length control field 00385nam a22001577a 4500
020 ## - INTERNATIONAL STANDARD BOOK NUMBER
ISBN 9788131704820
082 ## - DEWEY DECIMAL CLASSIFICATION NUMBER
Classification number 620.3
Item number THO/TH
100 ## - MAIN ENTRY--AUTHOR NAME
Personal name Thomson, William T
245 ## - TITLE STATEMENT
Title Theory of vibrations with applications
250 ## - EDITION STATEMENT
Edition statement 5th ed
260 ## - PUBLICATION, DISTRIBUTION, ETC. (IMPRINT)
Place of publication Delhi
Name of publisher Pearson
Year of publication 2011
300 ## - PHYSICAL DESCRIPTION
Number of Pages 496 p
700 ## - ADDED ENTRY--PERSONAL NAME
Personal name Dahleh, Marie Dillon
700 ## - ADDED ENTRY--PERSONAL NAME
Personal name Padmanabhan, Chandramouli
942 ## - ADDED ENTRY ELEMENTS (KOHA)
Koha item type Books
Holdings
Withdrawn status Lost status Damaged status Collection code Home library Current library Shelving location Date acquired Source of acquisition Cost, normal purchase price Full call number Accession Number Koha item type
      Non-fiction KAUAET KAUAET General Stacks 31/03/2012 International Books & Periodicals Supply Service, Delhi 450.00 620.3 THO/TH 23074 Books
free website counter